| 000 | 00805cam a2200265 4500 | ||
|---|---|---|---|
| 001 | 4613576 | ||
| 003 | ARRUPE | ||
| 005 | 20141002172056.0 | ||
| 008 | 700511s1969 enk b 000 0 eng | ||
| 010 | _a70459851 | ||
| 020 | _a0281023387 | ||
| 035 | _a(OCoLC)ocm00070616 | ||
| 035 | _a(NNC)4613576 | ||
| 040 |
_aDLC _cDLC _dUKM |
||
| 050 | 0 |
_aBJ1031 _b.M28 |
|
| 098 | _aQY18 | ||
| 245 | 0 | 0 |
_aMaking moral decisions: _bopen lectures delivered at Cambridge during the Lent Term, 1968 _c[by] D. M. MacKinnon [and others] |
| 260 |
_aLondon, _bS.P.C.K., _c1969. |
||
| 300 |
_aviii, 91 p. _c19 cm. |
||
| 504 | _aIncludes bibliographical references. | ||
| 650 | 0 |
_aEthics. _912019 |
|
| 700 | 1 |
_aMacKinnon, Donald M. _q(Donald MacKenzie), _d1913-1994. _912020 |
|
| 942 |
_2lcc _cMONOGRAPH |
||
| 999 |
_c121065 _d121065 |
||